Pays les plus proches du Kirghizistan - Statistiques

Statistiques générales
  • Ce quiz a été pris 121 fois
  • Le résultat moyen est 16 sur 20
Statistiques - réponses
km pays % Correct
0 Chine
99%
886 Russie
97%
525 Inde
96%
262 Pakistan
95%
0 Kazakhstan
93%
920 Mongolie
93%
101 Afghanistan
92%
0 Tadjikistan
92%
0 Ouzbékistan
91%
1197 Népal
89%
787 Iran
88%
290 Turkménistan
88%
2058 Irak
83%
1606 Azerbaïdjan
82%
1906 Géorgie
82%
1764 Bhoutan
78%
1937 Arménie
77%
1871 Bangladesh
68%
1937 Émirats arabes unis
28%
1890 Oman
23%
Aucun quiz correspondant
Distribution des résultats
% des personnes avec chaque résultat
Percentile par nombre de réponses
Votre historique - résultats
Vous n’avez pas pris ce quiz